| 000 | 00555nam a2200181 4500 | ||
|---|---|---|---|
| 003 | CO-ViMGA | ||
| 020 | _a9789583052262 | ||
| 040 |
_aCO-ViMGA _bspa _cCO-ViMGA |
||
| 090 | _aCECb | ||
| 100 | 1 |
_aCecil, Lauren _99845 |
|
| 245 | 1 | 0 |
_aBarbie. Luces, cámara, acción / _cLauren Cecil, ilustraciones Jiyoung An |
| 260 |
_aBogotá : _bPanamericana, _c2016. |
||
| 300 |
_a14 p. : _b27 cm. |
||
| 534 |
_pTitulo original _tBarbie lights, camera, action! |
||
| 650 | 1 | 4 |
_alibro para colorear _99846 |
| 700 | 1 |
_aAn, Jiyoung, _eil. _99847 |
|
| 942 |
_2ddc _cBK _hCECb |
||
| 999 |
_c11793 _d11793 |
||